Bandiera bianca (Record no. 2936)

MARC details
000 -LEADER
campo de control de longitud fija 00702nas a2200217 i 4500
001 - NÚMERO DE CONTROL
campo de control 2936
003 - IDENTIFICADOR DE NÚMERO DE CONTROL
campo de control ES-MaACL
005 - FECHA Y HORA DE LA ÚLTIMA TRANSACCIÓN
campo de control 20250709062529.0
007 - CAMPO FIJO DE DESCRIPCIÓN FÍSICA--INFORMACIÓN GENERAL
campo de control de longitud fija t|
008 - DATOS DE LONGITUD FIJA--INFORMACIÓN GENERAL
campo de control de longitud fija 060816d1890 it | | 0 ||ta d
245 00 - MENCIÓN DEL TÍTULO
Título Bandiera bianca
Resto del título : almanacco illustrato per la pace 1899- [1900] /
Mención de responsabilidad, etc. a cura del Comitato della Societáa Internazionale per la Pace "Unione Lombarda".
260 ## - PUBLICACIÓN, DISTRIBUCIÓN, ETC.
Lugar de publicación, distribución, etc. Milano :
Nombre del editor, distribuidor, etc. [s.n.],
Fecha de publicación, distribución, etc. 1890- (
Fabricante Tip. Bernardoni di C. Rebeschini e C.,)
300 ## - DESCRIPCIÓN FÍSICA
Extensión 2 v. :
Otras características físicas il. ;
Dimensiones 20 cm.
310 ## - PERIODICIDAD ACTUAL
Fecha de comienzo de la periodicidad actual Anual
362 0# - FECHAS DE PUBLICACIÓN Y/O DESIGNACIÓN SECUENCIAL
Fecha de publicación y/o designación secuencial 1890-
852 ## - LOCALIZACIÓN
Ubicación ES-MaACL
Número de control de estantería T-796-F-1 (Año 1899)
852 1# - LOCALIZACIÓN
Ubicación BA
Número de control de estantería T-931-F-1 (Año 1900)
866 #0 - MENCIÓN TEXTUAL DE FONDOS--UNIDAD BIBLIOGRÁFICA BÁSICA
Fondos 1899-1900.
942 ## - ELEMENTOS DE ENTRADA SECUNDARIOS (KOHA)
Fuente del sistema de clasificación o colocación Clasificación decimal universal
Tipo de ítem Koha Revista
Holdings
Estatus retirado Estado de pérdida Fuente del sistema de clasificación o colocación Estado de daño No para préstamo Colección Biblioteca de origen Biblioteca actual Ubicación en estantería Fecha de adquisición Total de préstamos Signatura topográfica completa Código de barras Visto por última vez Precio de reemplazo Tipo de ítem Koha
    Clasificación decimal universal     Periódicos y Revistas Biblioteca del Ateneo de Madrid Biblioteca del Ateneo de Madrid Depósito folletos 03/11/2009   T-931-F-1 1181644 23/02/2023 23/02/2023 Revista
    Clasificación decimal universal     Periódicos y Revistas Biblioteca del Ateneo de Madrid Biblioteca del Ateneo de Madrid Depósito folletos 17/01/2008   T-796-F-1 1002998 23/02/2023 23/02/2023 Revista